000 00694cam a2200205 a 4500
020 _a9780073524207 (acidfree paper)
020 _a0073524204
020 _a9780076637775
050 0 0 _aQH91
_b.C37 2013
100 1 _aCastro, Peter.
245 1 0 _aMarine biology /
_cPeter Castro, Michael E. Huber ; original artwork by William C. Ober and Claire W. Garrison.
250 _a9th ed.
260 _aNew York, NY :
_bMcGraw Hill,
_cc2013.
300 _axv, 462 p. :
650 0 _vTextbooks.
700 1 _aHuber, Michael E.
856 4 1 _uhttp://www.loc.gov/catdir/enhancements/fy1304/2012026518-t.html
856 4 2 _uhttp://www.loc.gov/catdir/enhancements/fy1304/2012026518-d.html
942 _cGEN
999 _c2110
_d2110